| 000 | 01609cam a2200289 a 4500 | ||
|---|---|---|---|
| 005 | 20160722155540.0 | ||
| 008 | 041130s2004 ke a b 100 0 eng | ||
| 020 | _a2831707617 | ||
| 040 |
_aDLC _cDLC _dDLC _dCO-BoIAVH |
||
| 041 | 0 | _aeng | |
| 044 | _ake | ||
| 082 | 0 | 0 |
_a338.3727 _bI61w |
| 111 | 2 |
_aInternational Workshop on Community Participation in Fisheries Management on Lake Victoria: BMU Developement on Lake Victoria _d(2003 : _cKisumu, Kenya) |
|
| 245 | 1 | 0 |
_aReport on the International Workshop on Community Participation in Fisheries Management on Lake Victoria : _bBMU Developement on Lake Victoria, Imperial Hotel, Kisumu, Kenya, 7-10 October 2003. |
| 260 |
_aNairobi, Kenya : _bIUCN Eastern Africa Regional Office : _bLake Victoria Fisheries Organization, _cc2004. |
||
| 300 |
_aviii, 187 páginas : _bilustraciones ; _c25 x 18 cm. |
||
| 500 | _aEn el encabezado del título: IUCN Eastern Africa Regional Programme & Lake Victoria Fisheries Organization (LVFO); IUCN/LVFO Socio-economics of the Lake Victoria Fisheries Phase II. | ||
| 500 | _a"This report has been compiled by S. Heck ... [et al.]." | ||
| 504 | _aIncluye referencias bibliográficas. | ||
| 650 | 2 | 6 |
_aAdministración pesquera _zVictoria, Lake _xParticipación comunitaria _vCongresos |
| 700 | 1 |
_aHeck, Simon. _ecompilador |
|
| 710 | 2 | _aIUCN East Africa Regional Office. | |
| 710 | 2 | _aLake Victoria Fisheries Organization. | |
| 710 | 2 | _aIUCN Eastern Africa Programme. | |
| 710 | 2 | _aIUCN/LVFO Socio-economics of the Lake Victoria Fisheries Phase II. | |
| 942 |
_2ddc _cLIBRO |
||
| 999 |
_c18893 _d18893 |
||